000
00293nam a22001337a 4500
008
181210b xxu||||| |||| 00| 0 eng d
020
_a
47163787
041
_a
eng
080
_a
510
100
_a
37
101
_a
MAT
245
_a
Linear And Metrix Theory
_c
Nering.E.D
942
_2
udc
_c
BK
999
_c
53111
_d
53111